Fundamentals of organometallic catalysis / (Record no. 18455)

MARC details
000 -LEADER
fixed length control field 03261cam a2200361 i 4500
001 - CONTROL NUMBER
control field 17206105
003 - CONTROL NUMBER IDENTIFIER
control field EG-ScBUE
005 - DATE AND TIME OF LATEST TRANSACTION
control field 20250804094719.0
008 - FIXED-LENGTH DATA ELEMENTS--GENERAL INFORMATION
fixed length control field 120312t2012 gw a f b 001 0 eng d
020 ## - INTERNATIONAL STANDARD BOOK NUMBER
International Standard Book Number 9783527327171 (pbk.)
020 ## - INTERNATIONAL STANDARD BOOK NUMBER
International Standard Book Number 3527327177 (pbk.)
040 ## - CATALOGING SOURCE
Original cataloging agency UKM
Language of cataloging eng
Description conventions rda
Transcribing agency STF
Modifying agency CDX
-- YDXCP
-- BDX
-- MUU
-- SFU
-- LMR
-- KMS
-- DLC
-- BU-ScBUE
041 1# - LANGUAGE CODE
Language code of text/sound track or separate title eng
Language code of original and/or intermediate translations of text ger
082 04 - DEWEY DECIMAL CLASSIFICATION NUMBER
Classification number 547.05045
Edition number 22
Item number STE
100 1# - MAIN ENTRY--PERSONAL NAME
Personal name Steinborn, Dirk,
Relator term author.
9 (RLIN) 36214
245 10 - TITLE STATEMENT
Title Fundamentals of organometallic catalysis /
Statement of responsibility, etc Dirk Steinborn ; translated by Alan Frenkel.
264 #1 - PUBLICATION, DISTRIBUTION, ETC. (IMPRINT)
Place of publication, distribution, etc Weinheim, Germany :
Name of publisher, distributor, etc Wiley-VCH Verlag Gmbh & Co. KGaA,
Date of publication, distribution, etc [2012]
264 #4 - PUBLICATION, DISTRIBUTION, ETC. (IMPRINT)
Date of publication, distribution, etc c2012
300 ## - PHYSICAL DESCRIPTION
Extent xvii, 456 pages :
Other physical details illustrations ;
Dimensions 24 cm
336 ## - CONTENT TYPE
Source rdacontent
Content type term text
Content type code txt
337 ## - MEDIA TYPE
Media type term unmediated
Source rdamedia
Media type code n
338 ## - CARRIER TYPE
Carrier type term volume
Carrier type code nc
Source rdacarrier
504 ## - BIBLIOGRAPHY, ETC. NOTE
Bibliography, etc Includes bibliographical references and index.<br/>
505 0# - FORMATTED CONTENTS NOTE
Formatted contents note Principles of organometallic catalysis-Elementary steps in organometallic catalysis-Hydrogenation of olefins-Hydroformylation of olefins and Fischer-Tropsch synthesis-Carbonylation of methanol and water-gas shift reaction-Metathesis-Oligomerization olefins-Polymerization of olefins-C-C linkage of dienes-C-C coupling reactions-Hydrocyanation, hydrosilylation, and hydroamination of olefins-Oxidation of olefins and alkanes-Nitrogen fixation.
520 ## - SUMMARY, ETC.
Summary, etc Catalysis, the basic principle for overcoming the kinetic inhibition of chemical reactions, is fundamental in chemistry. In particular, organometallic catalysis plays an overwhelming role in both research and industry. It opens the way to entirely novel synthetic methods and finds widespread applications ranging from mass-production of every-day polymers to stereocontrolled synthesis of bioactive chemicals used as pharmaceuticals and agrochemicals. The targeted development of improved and novel catalysts demands understanding of the relationships between their structures and catalytic properties. Accordingly, this textbook offers the reader a fundamental understanding of the course of organometallic-catalyzed reactions, starting at the molecular level. The initial chapters explain the principles of catalysis and the elementary steps in organometallic catalysis. The book then explores important organometallic-catalyzed reactions, with a focus on mechanism. Current developments are emphasized throughout. Asymmetric synthesis is covered in depth. FInally, the book examines the catalytic behavior of particular metalloenzymes. A look at nitrogen fixation offers a comparative examination of the three major areas of catalysis--homogeneous, heterogeneous, and enzymatic. In addition to problems, the textbook offers solutions, making the book an invaluable learning tool. It is a must-have for advanced students in chemistry and biochemistry, as well as for inorganic and organic chemists, for those working with organometallics, and for those specializing in catalysis.
546 ## - LANGUAGE NOTE
Language note Translated from the German.
650 #7 - SUBJECT ADDED ENTRY--TOPICAL TERM
Topical term or geographic name as entry element Catalysis
Form subdivision Textbooks.
Source of heading or term BUEsh
9 (RLIN) 36215
650 #7 - SUBJECT ADDED ENTRY--TOPICAL TERM
Topical term or geographic name as entry element Organometallic chemistry
Form subdivision Textbooks.
Source of heading or term BUEsh
9 (RLIN) 36216
653 ## - INDEX TERM--UNCONTROLLED
Resource For college Engineering, General
Arrived date list October2014
655 ## - INDEX TERM--GENRE/FORM
Form subdivision Reading book
9 (RLIN) 34232
700 1# - ADDED ENTRY--PERSONAL NAME
Personal name Frenkel, Alan,
Relator term translator.
9 (RLIN) 36217
942 ## - ADDED ENTRY ELEMENTS (KOHA)
Source of classification or shelving scheme Dewey Decimal Classification
Koha item type Book - Borrowing
Holdings
Withdrawn status Lost status Source of classification or shelving scheme Damaged status Not for loan Collection code Home library Current library Shelving location Date acquired Source of acquisition Cost, normal purchase price Total Checkouts Total Renewals Full call number Barcode Checked out Date last seen Date checked out Cost, replacement price Koha item type
    Dewey Decimal Classification     Baccah Central Library Central Library First floor 15/10/2014   440.00 2 3 547.05045 STE 000036671 25/11/2023 25/10/2023 25/10/2023 550.00 Book - Borrowing
    Dewey Decimal Classification     Baccah Central Library Central Library First floor 15/10/2014   440.00 1   547.05045 STE 000036672   15/07/2025 19/10/2014 550.00 Book - Borrowing